| 000 | 00000nam##2200000za#4500 |
| 001 | 9.663933 |
| 003 | CaOODSP |
| 005 | 20210615121314 |
| 007 | ta |
| 008 | 150407|2002||||xxc||||| f|0| 0 eng|d |
| 020 | |a0-662-66739-5 |
| 040 | |aCaOODSP|beng |
| 041 | |aeng |
| 041 | |afre |
| 043 | |an-cn--- |
| 086 | 1 |aBT43-108/2002 |
| 110 | 1 |aCanada. |bTreasury Board. |
| 245 | 14|aThe Joint PSAC/TBS Term Employment Study |
| 260 | |aOttawa - Ontario : |bTreasury Board of Canada Secretariat |c2002. |
| 300 | |aEnglish text, 212p. in various pagings. : |bfigs., graphs, tables ; |c28 cm. |
| 563 | |aSoftcover |
| 590 | |a02-36|b2002-09-06 |
| 690 | 07|aInquiry|2gcpds |
| 690 | 07|aPublic service|2gcpds |
| 690 | 07|aTemporary employment|2gcpds |
| 776 | 0#|tL'Étude conjointe de l'AFPC et du SCT sur l'emploi pour une période déterminée : |w(CaOODSP)9.638918 |
| 776 | 0#|tThe Joint PSAC/TBS Term Employment Study : |w(CaOODSP)9.694745 |
| 792 | |tL'Étude conjointe de l'AFPC et du SCT sur l'emploi pour une période déterminée |efre|w(CaOODSP)9.663934 |